000 01211pab a2200193 454500
008 180718b2012 xxu||||| |||| 00| 0 eng d
100 _aPedersen, John Storm
245 _aPublic sector reforms: New public management without marketization? The Danish Case
260 _c2012
300 _ap.435-447.
362 _aJun
520 _aIs it possible to imagine New Public Management without marketization? In Denmark the present liberal-conservative Government has, throughout its 10 years in power, designed and implemented more than 15 major management reforms in the public sector. Although most of the reforms are rhetorically firmly rooted in neo-liberal ideologies they have, in practice, promoted tools and mechanisms of the traditional, or Old, Public Management. Based on an empirical study of the reforms, we suggest that the notion of pragmatic New Public Management is introduced to enhance the current understanding of New Public Management in the Western industrialized societies. - Reproduced.
650 _aPublic administration
650 _aAdministrative reform
700 _aLofgren, Karl
773 _aInternational Journal of Public Administration
908 _aN
909 _a97176
999 _c97176
_d97176